000 00992nam a2200265Ia 4500
003 OSt
005 20220923211516.0
006 a|||||r|||| 00| 0
007 ta
008 220922b |||||||| |||| 00| 0 hin d
020 _a9789380441085 (hbk)
_c600
024 _a353,057
037 _bGV718, 09/03/2020, Vani Prakashan
_cTextual
040 _aARTS
_cARTS
_bhin
041 _2hin
_ahin
082 _aWv2, 152Q1
100 _aप्रियंवद, ले.
245 0 _aभारतीय राजनीति के दो आख्यान
_b 192 से 195 तक
246 _aBhāratīya rājanīti ke do ākhyāna: 192 se 195 taka
260 _aबीकानेर
_b वाग्देवी प्रकाशन
_c2011
300 _a511पृ.
_ccm.
650 _aराजनीति विज्ञान
942 _hWv2, 152Q1
_cTEXL
_2CC
999 _c300251
_d300251